[Event "IECG TG.2006.0.15661 email"]
[Site "IECG email"]
[Date "2006.09.11"]
[Round "2"]
[White "Lindberg, Jan"]
[Black "Azkarate, Jorge"]
[Result "0-1"]
[WhiteElo "800"]
[BlackElo "800"]
[PlyCount "30"]
[EventDate "2006.09.17"]
[EventType "tourn (corr)"]
[EventRounds "6"]
[SourceTitle "Corr 2024"]
[Source "ChessBase"]
[SourceDate "2023.10.19"]
[SourceVersion "1"]
[SourceVersionDate "2023.10.19"]
[SourceQuality "1"]

1. e4 e5 2. f4 Nc6 3. Nf3 d6 4. Bc4 Bg4 5. d3 Qe7 6. Nc3 0-0-0 7. f5 Nd4 8. 0-0 Nxf3+ 9. gxf3 Bh3 10. Re1 g6 11. Nd5 Qh4 12. d4 f6 13. Bd2 gxf5 14. Ba5 Bh6 15. exf5 Qg5+ 0-1